000 00708cam a2200241 4500
001 ABS68566
008 041215n2004 000 0 eng u
035 _a(Sirsi) u128303
100 _aNolan, J.
245 _aHigh points on the high street
260 _c2004
490 _aGEO:connexion
_vNovember 2004, 38-39(2)
520 _aOutlines the value of demographic data and pedestrian counts for business location planning particularly retail businesses.
590 _aABS
590 _aABS
650 _aDEMOGRAPHICS
650 _aPEDESTRIAN COUNTS
650 _aLOCATIONAL INFORMATION
650 _aRETAIL ANALYSIS
650 _aRETAIL SECTOR
690 _aPLANNING-PRACTICE
942 _n0
999 _c118446
_d118446